[Event "XXXIV OPEN INTERNACIONAL VILLA DE BENASQUE (90971)"]
[Site "Benasque (Spain)"]
[Date "2014.07.10"]
[Round "7"]
[Board "3"]
[White "MELKUMYAN, Hrant"]
[Black "FORCEN ESTEBAN, Daniel"]
[Result "1-0"]
[WhiteElo "2647"]
[BlackElo "2535"]
[PlyCount "81"]
[EventDate "2014.07.04"]
[EventRounds "9"]
[EventCountry "ESP"]

1. Nf3 c5 2. c4 Nc6 3. Nc3 e5 4. e3 Nf6 5. d4 e4 6. d5 exf3 7. dxc6 bxc6 8. e4
Qc7 9. gxf3 Bd6 10. Be3 O-O 11. Qd2 Re8 12. O-O-O Be5 13. Rg1 g6 14. Rg5 Nh5
15. Rxe5 Qxe5 16. f4 Qe7 17. Be2 Ng7 18. e5 Rd8 19. Ne4 d5 20. Bxc5 Qb7 21. Qa5
Be6 22. Nd6 Qd7 23. cxd5 Bxd5 24. f5 gxf5 25. Rg1 Qe6 26. Qc3 f4 27. Bg4 Qg6
28. f3 Bxa2 29. Bf5 Qh6 30. b3 Bxb3 31. Qxb3 Qh5 32. Qc3 Qxh2 33. e6 Qxg1+ 34.
Bxg1 Rxd6 35. exf7+ Kxf7 36. Bc2 Ne6 37. Bb3 Rad8 38. Qe5 Kg6 39. Bc2+ Kf7 40.
Qh5+ Kf6 41. Qf5+ 1-0

[Event "XXXIV OPEN INTERNACIONAL VILLA DE BENASQUE (90971)"]
[Site "Benasque (Spain)"]
[Date "2014.07.10"]
[Round "7"]
[Board "4"]
[White "LEVIN, Felix"]
[Black "ANTON GUIJARRO, David"]
[Result "1/2-1/2"]
[WhiteElo "2507"]
[BlackElo "2631"]
[PlyCount "94"]
[EventDate "2014.07.04"]
[EventRounds "9"]
[EventCountry "ESP"]

1. d4 Nf6 2. c4 b6 3. Nf3 Bb7 4. g3 c5 5. Bg2 cxd4 6. Qxd4 Nc6 7. Qf4 g6 8. O-O
Bg7 9. Nc3 Rc8 10. Bd2 h6 11. e4 d6 12. Qe3 Ng4 13. Qe2 Nge5 14. b3 O-O 15.
Rac1 Qd7 16. Be3 Nxf3+ 17. Bxf3 h5 18. Bg2 Nd4 19. Bxd4 Bxd4 20. Nb5 Bg7 21.
Nxa7 Rc5 22. Nb5 h4 23. f4 hxg3 24. hxg3 Bc6 25. Bf3 Bxb5 26. cxb5 Qh3 27. Qh2
Qc8 28. Qd2 Bc3 29. Qd1 Qh3 30. Kf2 Rfc8 31. Rh1 Qd7 32. Kg2 Qxb5 33. Qe2 Qxe2+
34. Bxe2 Bd2 35. Rc4 b5 36. Rxc5 Rxc5 37. a4 bxa4 38. bxa4 Rc2 39. Kf3 Rc3+ 40.
Kf2 Ra3 41. Bb5 g5 42. fxg5 Be3+ 43. Kg2 Bxg5 44. Rf1 Bf6 45. Rf3 Ra1 46. Rf1
Ra3 47. Rf3 Ra1 1/2-1/2

[Event "XXXIV OPEN INTERNACIONAL VILLA DE BENASQUE (90971)"]
[Site "Benasque (Spain)"]
[Date "2014.07.10"]
[Round "7"]
[Board "5"]
[White "POPOV, Ivan"]
[Black "RAHMAN, Ziaur"]
[Result "1-0"]
[WhiteElo "2618"]
[BlackElo "2515"]
[PlyCount "109"]
[EventDate "2014.07.04"]
[EventRounds "9"]
[EventCountry "ESP"]

1. e4 g6 2. d4 Bg7 3. Nc3 c6 4. Bc4 d6 5. Nf3 Nf6 6. Bb3 O-O 7. O-O Bg4 8. h3
Bxf3 9. Qxf3 Nbd7 10. Be3 e6 11. Rfe1 Kh8 12. Qg3 d5 13. e5 Ng8 14. f4 Ne7 15.
Bf2 Rc8 16. Ne2 f6 17. c3 fxe5 18. dxe5 Nf5 19. Qg4 Qe7 20. Rad1 Bh6 21. h4 Nc5
22. Bc2 Ne4 23. Bxe4 dxe4 24. Qh3 Rcd8 25. g4 e3 26. Bg3 Nxg3 27. Qxg3 Rd2 28.
g5 Rfd8 29. Rxd2 exd2 30. Rd1 Bf8 31. Nd4 Qf7 32. Rxd2 Bc5 33. Qe3 Rd5 34. Qe4
Qd7 35. Kf1 Kg7 36. Ke2 Bxd4 37. Rxd4 Rxd4 38. Qxd4 Qxd4 39. cxd4 Kf7 40. Kd3
Ke7 41. Kc4 Kd7 42. a4 b6 43. b4 Kc7 44. b5 Kb7 45. bxc6+ Kxc6 46. d5+ exd5+
47. Kd4 a6 48. f5 Kd7 49. Kxd5 gxf5 50. h5 f4 51. g6 hxg6 52. h6 f3 53. h7 f2
54. h8=Q f1=Q 55. e6+ 1-0

[Event "XXXIV OPEN INTERNACIONAL VILLA DE BENASQUE (90971)"]
[Site "Benasque (Spain)"]
[Date "2014.07.10"]
[Round "7"]
[Board "6"]
[White "KOMLJENOVIC, Davorin"]
[Black "CORI, Jorge"]
[Result "0-1"]
[WhiteElo "2405"]
[BlackElo "2608"]
[PlyCount "74"]
[EventDate "2014.07.04"]
[EventRounds "9"]
[EventCountry "ESP"]

1. Nf3 d5 2. g3 c6 3. Bg2 Nf6 4. O-O Bg4 5. b3 Nbd7 6. Bb2 e6 7. d3 Bxf3 8.
Bxf3 Bd6 9. c4 O-O 10. Bg2 Qe7 11. Qc1 a5 12. Nc3 Rfd8 13. Rd1 d4 14. Ne4 Nxe4
15. Bxe4 e5 16. Qc2 a4 17. Bg2 Bb4 18. a3 axb3 19. Qxb3 Bd6 20. a4 Ra7 21. e3
Nc5 22. Qc2 dxe3 23. fxe3 Rda8 24. d4 exd4 25. exd4 Nxa4 26. Bc1 Bb4 27. Bd2
Bc3 28. Bxc3 Qe3+ 29. Kh1 Nxc3 30. Rxa7 Rxa7 31. Rf1 g6 32. d5 Ra2 33. Qb3 Qe2
34. Rg1 Ne4 35. h3 cxd5 36. cxd5 Qf2 37. Kh2 Nd2 0-1

[Event "XXXIV OPEN INTERNACIONAL VILLA DE BENASQUE (90971)"]
[Site "Benasque (Spain)"]
[Date "2014.07.10"]
[Round "7"]
[Board "7"]
[White "ILLESCAS CORDOBA, Miguel"]
[Black "CASTELLANOS RODRIGUEZ, Renier"]
[Result "1-0"]
[WhiteElo "2607"]
[BlackElo "2479"]
[PlyCount "67"]
[EventDate "2014.07.04"]
[EventRounds "9"]
[EventCountry "ESP"]

1. Nf3 Nf6 2. c4 b6 3. Nc3 Bb7 4. d4 e6 5. a3 g6 6. Qc2 Bg7 7. e4 d6 8. Bd3 O-O
9. O-O Nbd7 10. Re1 a6 11. Bg5 h6 12. Bd2 c5 13. d5 Ng4 14. Be2 Qe7 15. h3 Nge5
16. Nxe5 Nxe5 17. f4 Nd7 18. Bf3 Rab8 19. Kh1 g5 20. e5 dxe5 21. fxg5 hxg5 22.
Ne4 exd5 23. Nxg5 e4 24. cxd5 f5 25. Bxe4 fxe4 26. Rxe4 Qf6 27. Rg4 Qf5 28.
Qxf5 Rxf5 29. Ne6 Rf7 30. Bc3 Bxd5 31. Nxg7 Kf8 32. Rd1 Bb3 33. Rd3 a5 34. Re3
 1-0

[Event "XXXIV OPEN INTERNACIONAL VILLA DE BENASQUE (90971)"]
[Site "Benasque (Spain)"]
[Date "2014.07.10"]
[Round "7"]
[Board "8"]
[White "SANDIPAN, Chanda"]
[Black "ARUN PRASAD, S."]
[Result "1-0"]
[WhiteElo "2597"]
[BlackElo "2472"]
[PlyCount "147"]
[EventDate "2014.07.04"]
[EventRounds "9"]
[EventCountry "ESP"]

1. e4 c6 2. d4 d5 3. exd5 cxd5 4. Bf4 Nc6 5. c3 Nf6 6. Nd2 Bf5 7. Ngf3 e6 8.
Qb3 Qc8 9. Nh4 Be4 10. Nxe4 dxe4 11. g3 Be7 12. Ng2 Nd5 13. Bd2 O-O 14. Nf4 Nf6
15. d5 exd5 16. Nxd5 Bd8 17. Bg2 Na5 18. Nxf6+ Bxf6 19. Qc2 Nc4 20. O-O Nxd2
21. Qxd2 Re8 22. Rfe1 Qc7 23. Bxe4 Rad8 24. Bd5 b6 25. c4 a5 26. Rad1 g6 27. b4
Rxe1+ 28. Qxe1 axb4 29. Qxb4 Kg7 30. Rd3 Rd7 31. Rf3 Bd4 32. a4 Re7 33. Rd3 Bc5
34. Qd2 Qe5 35. Kg2 Qe2 36. Qc3+ Qe5 37. Qxe5+ Rxe5 38. Kf1 Re7 39. g4 g5 40.
Rf3 h6 41. Rb3 Ra7 42. Bc6 Rc7 43. Bb5 Re7 44. Bc6 Rc7 45. Bd5 Ra7 46. Rf3 Re7
47. h3 Kg6 48. Rf5 Bd6 49. Bc6 Rc7 50. Bd5 Re7 51. f3 Kg7 52. Bc6 Re5 53. Rxe5
Bxe5 54. c5 bxc5 55. Bd5 c4 56. Bxc4 Bd4 57. a5 Kf6 58. Ke2 Ke5 59. Bxf7 Bc3
60. a6 Bd4 61. Kd3 Ba7 62. Bg6 Bf2 63. Be4 Ba7 64. Kc4 Be3 65. Kb5 Kd6 66. f4
gxf4 67. h4 Kc7 68. Bf3 Bf2 69. h5 Kb8 70. g5 hxg5 71. Kc4 g4 72. Bxg4 Bh4 73.
Kd5 Ka7 74. Be2 1-0

[Event "XXXIV OPEN INTERNACIONAL VILLA DE BENASQUE (90971)"]
[Site "Benasque (Spain)"]
[Date "2014.07.11"]
[Round "8"]
[Board "1"]
[White "DURARBAYLI, Vasif"]
[Black "CRUZ, Cristhian"]
[Result "1/2-1/2"]
[WhiteElo "2590"]
[BlackElo "2563"]
[PlyCount "53"]
[EventDate "2014.07.04"]
[EventRounds "9"]
[EventCountry "ESP"]

1. e4 c5 2. Nf3 e6 3. d4 cxd4 4. Nxd4 Nc6 5. Nc3 Qc7 6. Be3 a6 7. Qd2 Nf6 8. f4
b5 9. e5 b4 10. Ncb5 axb5 11. Nxb5 Qb8 12. exf6 gxf6 13. a4 bxa3 14. bxa3 Bb4
15. c3 Be7 16. Kf2 Na7 17. Nd4 Bb7 18. a4 Rg8 19. Rg1 Qc7 20. g3 Bc5 21. Nb5
Nxb5 22. Bxb5 Bxe3+ 23. Qxe3 Ke7 24. Rgd1 d6 25. c4 Rgd8 26. Rd2 Rac8 27. Rb1
 1/2-1/2

[Event "XXXIV OPEN INTERNACIONAL VILLA DE BENASQUE (90971)"]
[Site "Benasque (Spain)"]
[Date "2014.07.11"]
[Round "8"]
[Board "2"]
[White "ILLESCAS CORDOBA, Miguel"]
[Black "MELKUMYAN, Hrant"]
[Result "1/2-1/2"]
[WhiteElo "2607"]
[BlackElo "2647"]
[PlyCount "45"]
[EventDate "2014.07.04"]
[EventRounds "9"]
[EventCountry "ESP"]

1. d4 Nf6 2. c4 e6 3. Nc3 Bb4 4. e3 O-O 5. Bd3 d5 6. Nf3 c5 7. O-O dxc4 8. Bxc4
Bd7 9. Qe2 Bc6 10. Rd1 Qe7 11. Bd2 Bxf3 12. Qxf3 Nc6 13. dxc5 Ne5 14. Qf4 Nxc4
15. Qxc4 Qxc5 16. Qxc5 Bxc5 17. Kf1 Rac8 18. Ke2 Rc6 19. Be1 Rfc8 20. Rd3 Rd6
21. Rad1 Rxd3 22. Rxd3 Kf8 23. f3 1/2-1/2

[Event "XXXIV OPEN INTERNACIONAL VILLA DE BENASQUE (90971)"]
[Site "Benasque (Spain)"]
[Date "2014.07.11"]
[Round "8"]
[Board "3"]
[White "POPOV, Ivan"]
[Black "SANDIPAN, Chanda"]
[Result "1/2-1/2"]
[WhiteElo "2618"]
[BlackElo "2597"]
[PlyCount "41"]
[EventDate "2014.07.04"]
[EventRounds "9"]
[EventCountry "ESP"]

1. e4 e5 2. Nf3 Nc6 3. Nc3 g6 4. d4 exd4 5. Nxd4 Bg7 6. Be3 Nf6 7. Nxc6 bxc6 8.
e5 Ng8 9. Bd4 Qe7 10. Qe2 Nh6 11. Ne4 Nf5 12. Bc3 d5 13. Nf6+ Bxf6 14. exf6
Qxe2+ 15. Bxe2 Nd6 16. O-O-O Be6 17. g4 c5 18. Bf3 c6 19. Be5 O-O-O 20. b3 Ne4
21. Bxe4 1/2-1/2

[Event "XXXIV OPEN INTERNACIONAL VILLA DE BENASQUE (90971)"]
[Site "Benasque (Spain)"]
[Date "2014.07.11"]
[Round "8"]
[Board "4"]
[White "CORI, Jorge"]
[Black "BURMAKIN, Vladimir"]
[Result "1/2-1/2"]
[WhiteElo "2608"]
[BlackElo "2590"]
[PlyCount "81"]
[EventDate "2014.07.04"]
[EventRounds "9"]
[EventCountry "ESP"]

1. c4 c6 2. b3 d5 3. Bb2 Bf5 4. Nf3 e6 5. g3 h6 6. Bg2 Nf6 7. O-O Be7 8. d3 O-O
9. Nbd2 Bh7 10. a3 a5 11. Ra2 Nbd7 12. Qa1 Qb6 13. Bc3 Qa6 14. Rc1 Rfd8 15. h3
Ne8 16. Qb2 Bf6 17. Bxf6 Nexf6 18. Raa1 c5 19. b4 b6 20. d4 cxb4 21. axb4 Ne4
22. b5 Qa7 23. Nxe4 Bxe4 24. c5 Rac8 25. c6 Bxf3 26. Bxf3 Nf6 27. Rd1 Qe7 28.
Bg2 Qd6 29. e3 Ne8 30. Bf1 Qe7 31. Bd3 Nd6 32. f4 h5 33. Rd2 g6 34. Rg2 Kg7 35.
Qa3 Rc7 36. Raa2 Rh8 37. Qc3 Rcc8 38. Qa3 Rc7 39. Qc3 Rcc8 40. Qe1 Qf6 41. Qc3
 1/2-1/2

[Event "XXXIV OPEN INTERNACIONAL VILLA DE BENASQUE (90971)"]
[Site "Benasque (Spain)"]
[Date "2014.07.11"]
[Round "8"]
[Board "5"]
[White "GRANDA ZUNIGA, Julio E"]
[Black "MOZHAROV, Mikhail"]
[Result "0-1"]
[WhiteElo "2674"]
[BlackElo "2540"]
[PlyCount "70"]
[EventDate "2014.07.04"]
[EventRounds "9"]
[EventCountry "ESP"]

1. g3 c5 2. Bg2 Nc6 3. c4 g6 4. Nc3 Bg7 5. d3 e6 6. Nh3 Nge7 7. Nf4 O-O 8. O-O
b6 9. Bd2 Bb7 10. a3 d6 11. b4 Qd7 12. Rb1 Nd4 13. Bxb7 Qxb7 14. bxc5 dxc5 15.
Ne4 Qd7 16. Bc3 e5 17. Bxd4 exd4 18. a4 Nc6 19. Nd5 f5 20. Nd2 Rae8 21. Nb3 Ne7
22. Nxe7+ Qxe7 23. Rb2 a5 24. f4 g5 25. fxg5 Qxg5 26. Rf3 Qe7 27. Qf1 Bh6 28.
Rxf5 Rxf5 29. Qxf5 Rf8 30. Qg4+ Kh8 31. Kg2 Qb7+ 32. Kh3 Rf2 33. Qe6 Qg2+ 34.
Kh4 Qxh2+ 35. Qh3 Qg1 0-1

[Event "XXXIV OPEN INTERNACIONAL VILLA DE BENASQUE (90971)"]
[Site "Benasque (Spain)"]
[Date "2014.07.11"]
[Round "8"]
[Board "6"]
[White "BACHMANN, Axel"]
[Black "LEVIN, Felix"]
[Result "0-1"]
[WhiteElo "2652"]
[BlackElo "2507"]
[PlyCount "88"]
[EventDate "2014.07.04"]
[EventRounds "9"]
[EventCountry "ESP"]

1. Nf3 Nf6 2. g3 b5 3. Bg2 Bb7 4. O-O e6 5. d3 c5 6. e4 d6 7. a4 b4 8. Re1 Be7
9. Nbd2 Nfd7 10. c3 Nc6 11. d4 bxc3 12. bxc3 Na5 13. Ba3 O-O 14. Bf1 Nb6 15.
Nb3 Nbc4 16. Nxa5 Nxa5 17. Rb1 cxd4 18. cxd4 d5 19. Bxe7 Qxe7 20. e5 Bc6 21.
Bd3 Rab8 22. Rc1 Nc4 23. h4 Rb4 24. Bxh7+ Kxh7 25. Ng5+ Kh6 26. Qg4 g6 27. Rc3
Bd7 28. Rf3 f5 29. exf6 Rxf6 30. Rxf6 Qxf6 31. Nxe6 Nd2 32. f4 Ne4 33. Qg5+
Qxg5 34. fxg5+ Kh5 35. Nf4+ Kg4 36. Nxd5 Rxd4 37. Nf6+ Nxf6 38. gxf6 Rd6 39.
Re7 Kxg3 40. Re3+ Kxh4 41. Re7 Bh3 42. f7 Rf6 43. Kh2 a5 44. Rc7 g5 0-1

[Event "XXXIV OPEN INTERNACIONAL VILLA DE BENASQUE (90971)"]
[Site "Benasque (Spain)"]
[Date "2014.07.11"]
[Round "8"]
[Board "7"]
[White "ANTON GUIJARRO, David"]
[Black "MATSENKO, Sergei"]
[Result "1/2-1/2"]
[WhiteElo "2631"]
[BlackElo "2474"]
[PlyCount "53"]
[EventDate "2014.07.04"]
[EventRounds "9"]
[EventCountry "ESP"]

1. d4 Nf6 2. c4 e6 3. Nf3 b6 4. g3 Bb4+ 5. Bd2 Bxd2+ 6. Qxd2 Ba6 7. b3 c6 8.
Bg2 d5 9. O-O O-O 10. Rc1 Nbd7 11. a4 Qe7 12. a5 Rfd8 13. Qe3 c5 14. Nbd2 Bb7
15. cxd5 Nxd5 16. Qe4 N7f6 17. Qh4 Nb4 18. axb6 axb6 19. Rxa8 Bxa8 20. dxc5
bxc5 21. Qc4 Nd7 22. Ra1 Bd5 23. Qc3 Ra8 24. Ne1 Rxa1 25. Qxa1 h6 26. Nc4 Bxc4
27. bxc4 1/2-1/2

[Event "XXXIV OPEN INTERNACIONAL VILLA DE BENASQUE (90971)"]
[Site "Benasque (Spain)"]
[Date "2014.07.11"]
[Round "8"]
[Board "8"]
[White "MA, Zhonghan"]
[Black "MARIN, Mihail"]
[Result "0-1"]
[WhiteElo "2459"]
[BlackElo "2579"]
[PlyCount "82"]
[EventDate "2014.07.04"]
[EventRounds "9"]
[EventCountry "ESP"]

1. Nf3 Nf6 2. c4 e6 3. Nc3 d5 4. d4 Nbd7 5. Bg5 h6 6. Bh4 Be7 7. e3 O-O 8. Rc1
b6 9. cxd5 exd5 10. Bd3 Bb7 11. O-O c5 12. Bf5 Re8 13. Qa4 Nf8 14. Rfd1 g6 15.
Bb1 Ne6 16. Qc2 Rc8 17. Ne5 Ne4 18. Nxe4 Bxh4 19. Nc3 Bf6 20. Nxf7 Kxf7 21.
Qxg6+ Ke7 22. Qh7+ Bg7 23. dxc5 Rxc5 24. Ne2 Kf8 25. Ng3 d4 26. Rxc5 bxc5 27.
Nf5 Qg5 28. e4 Ba6 29. h4 Qf6 30. Re1 d3 31. Re3 d2 32. Bc2 Nd4 33. Nxd4 Qxd4
34. Rf3+ Bf6 35. Qh8+ Ke7 36. Qh7+ Kd8 37. Bd1 Rxe4 38. Qxa7 Re1+ 39. Kh2 Qxh4+
40. Rh3 Be5+ 41. g3 Rh1+ 0-1

[Event "XXXIV OPEN INTERNACIONAL VILLA DE BENASQUE (90971)"]
[Site "Benasque (Spain)"]
[Date "2014.07.12"]
[Round "9"]
[Board "1"]
[White "CRUZ, Cristhian"]
[Black "MOZHAROV, Mikhail"]
[Result "1/2-1/2"]
[WhiteElo "2563"]
[BlackElo "2540"]
[PlyCount "105"]
[EventDate "2014.07.04"]
[EventRounds "9"]
[EventCountry "ESP"]

1. d4 Nf6 2. c4 g6 3. Nc3 d5 4. cxd5 Nxd5 5. Bd2 Bg7 6. e4 Nxc3 7. Bxc3 O-O 8.
Rc1 Nd7 9. Nf3 c6 10. Be2 Nf6 11. Qc2 Nh5 12. g3 Bg4 13. O-O Nf6 14. Rfd1 Bh6
15. Ra1 Qc8 16. Ne5 Bxe2 17. Qxe2 Nd7 18. Ng4 Bg7 19. Rac1 h5 20. Ne3 Nf6 21.
d5 Nxe4 22. Bxg7 Kxg7 23. dxc6 bxc6 24. Qc2 Nd6 25. Qxc6 Qxc6 26. Rxc6 Rfc8 27.
Rdc1 Rxc6 28. Rxc6 Rb8 29. b3 Rb7 30. Kf1 Kf8 31. Nc4 Nxc4 32. Rc8+ Kg7 33.
Rxc4 Kf6 34. Ke2 Rd7 35. Ke3 e5 36. b4 Ke6 37. a4 g5 38. h4 f6 39. b5 Kd5 40.
Rc8 gxh4 41. gxh4 f5 42. f4 exf4+ 43. Kxf4 Rg7 44. Kxf5 Rg4 45. Ra8 Rxh4 46.
Rxa7 Rb4 47. Rd7+ Kc5 48. Rc7+ Kd5 49. Rh7 Rxa4 50. b6 Rb4 51. b7 Kc6 52. Rxh5
Rxb7 53. Ke4 1/2-1/2

[Event "XXXIV OPEN INTERNACIONAL VILLA DE BENASQUE (90971)"]
[Site "Benasque (Spain)"]
[Date "2014.07.12"]
[Round "9"]
[Board "2"]
[White "MELKUMYAN, Hrant"]
[Black "DURARBAYLI, Vasif"]
[Result "1-0"]
[WhiteElo "2647"]
[BlackElo "2590"]
[PlyCount "131"]
[EventDate "2014.07.04"]
[EventRounds "9"]
[EventCountry "ESP"]

1. c4 c5 2. Nf3 Nf6 3. Nc3 e6 4. e3 Nc6 5. d4 d5 6. cxd5 Nxd5 7. Bd3 cxd4 8.
exd4 Bb4 9. Bd2 O-O 10. O-O Be7 11. Re1 Ndb4 12. Be4 Nxd4 13. Nxd4 Qxd4 14. Bf4
Qxd1 15. Raxd1 g5 16. Bd6 Bxd6 17. Rxd6 Rb8 18. a3 Nc6 19. b4 Kg7 20. Bxc6 bxc6
21. Rxc6 Bb7 22. Rc5 h6 23. Ra5 Ra8 24. Nb5 Rfd8 25. Rxa7 Rab8 26. Nc3 Rd3 27.
Re3 Rd2 28. h3 Rc2 29. Na4 Bd5 30. Nc5 Ra2 31. Rc7 Ra1+ 32. Kh2 Ra2 33. f3 h5
34. Nd7 Ra8 35. Ne5 R8xa3 36. Rxf7+ Kh8 37. Rxa3 Rxa3 38. Rf6 g4 39. hxg4 hxg4
40. Nxg4 Kg7 41. Kg3 Ra2 42. Rf4 Re2 43. Nf2 e5 44. Rg4+ Kf7 45. Ne4 Rb2 46.
Nc5 Kf6 47. Rh4 Kg5 48. Nd3 Rxg2+ 49. Kxg2 Kxh4 50. Nxe5 Kg5 51. Kf2 Kf5 52.
Nd3 Bc6 53. Ke3 Ke6 54. Nf4+ Kd6 55. Ne2 Kd5 56. f4 Kc4 57. Nd4 Bb7 58. b5 Kd5
59. f5 Ke5 60. Kd3 Bd5 61. Kc3 Kd6 62. Kb4 Bf7 63. Ka5 Kc7 64. b6+ Kd6 65. Ka6
Bd5 66. Ka7 1-0

[Event "XXXIV OPEN INTERNACIONAL VILLA DE BENASQUE (90971)"]
[Site "Benasque (Spain)"]
[Date "2014.07.12"]
[Round "9"]
[Board "3"]
[White "MARIN, Mihail"]
[Black "POPOV, Ivan"]
[Result "1/2-1/2"]
[WhiteElo "2579"]
[BlackElo "2618"]
[PlyCount "65"]
[EventDate "2014.07.04"]
[EventRounds "9"]
[EventCountry "ESP"]

1. d4 Nf6 2. c4 g6 3. Nc3 d5 4. cxd5 Nxd5 5. e4 Nxc3 6. bxc3 Bg7 7. Nf3 c5 8.
Be3 Nc6 9. Qd2 cxd4 10. cxd4 Bg4 11. Rd1 O-O 12. Be2 Bxf3 13. Bxf3 e5 14. dxe5
Nxe5 15. Be2 Qxd2+ 16. Rxd2 Rfc8 17. O-O Nc4 18. Bxc4 Rxc4 19. Rd7 Rxe4 20.
Rxb7 Ra4 21. Rfb1 h5 22. g3 Rxa2 23. Rd7 a5 24. Rbb7 Rb2 25. Rbc7 Be5 26. Rc5
Bh8 27. Rcc7 a4 28. Ra7 Rxa7 29. Rxa7 Rb4 30. Ra8+ Kg7 31. h4 f5 32. Bg5 Kh7
33. Ra7+ 1/2-1/2

[Event "XXXIV OPEN INTERNACIONAL VILLA DE BENASQUE (90971)"]
[Site "Benasque (Spain)"]
[Date "2014.07.12"]
[Round "9"]
[Board "4"]
[White "LEVIN, Felix"]
[Black "CORI, Jorge"]
[Result "0-1"]
[WhiteElo "2507"]
[BlackElo "2608"]
[PlyCount "117"]
[EventDate "2014.07.04"]
[EventRounds "9"]
[EventCountry "ESP"]

1. Nf3 d5 2. d4 c6 3. c4 Nf6 4. cxd5 cxd5 5. Nc3 Nc6 6. Bf4 a6 7. e3 e6 8. Bd3
Bd6 9. Bxd6 Qxd6 10. O-O O-O 11. Rc1 Bd7 12. Na4 Nb4 13. Bb1 Rac8 14. Rxc8 Rxc8
15. a3 Bxa4 16. Qxa4 Nc6 17. Rc1 Qd8 18. Rc3 Na7 19. Rxc8 Qxc8 20. Qc2 Qxc2 21.
Bxc2 Ne8 22. Bd3 Nd6 23. Nd2 Nc6 24. Kf1 h6 25. Ke2 Kf8 26. Kd1 Ke7 27. Nb3 g5
28. h3 f6 29. Nc5 h5 30. g3 h4 31. gxh4 gxh4 32. b4 a5 33. bxa5 Nxa5 34. Kc2 b6
35. Na6 Nf7 36. Nb4 Ng5 37. Bf1 Nc4 38. Kd3 Ne4 39. f3 Ng3 40. Bg2 Nxa3 41. f4
Kd6 42. Bf3 Nc4 43. Bg2 b5 44. Bf3 f5 45. Nc2 Kc6 46. Kc3 Kb6 47. Kb4 Nf1 48.
Bh5 Nfxe3 49. Ne1 Nd6 50. Be2 Ndc4 51. Bh5 Nd6 52. Be2 Ne4 53. Bxb5 Nf2 54. Bd7
Nxh3 55. Bxe6 Nxf4 56. Bc8 Kc7 57. Ba6 h3 58. Nf3 Ng4 59. Ng1 0-1

[Event "XXXIV OPEN INTERNACIONAL VILLA DE BENASQUE (90971)"]
[Site "Benasque (Spain)"]
[Date "2014.07.12"]
[Round "9"]
[Board "6"]
[White "SANDIPAN, Chanda"]
[Black "ZOLER, Dan"]
[Result "1-0"]
[WhiteElo "2597"]
[BlackElo "2513"]
[PlyCount "97"]
[EventDate "2014.07.04"]
[EventRounds "9"]
[EventCountry "ESP"]

1. e4 e5 2. Nf3 Nc6 3. Bc4 Nf6 4. d3 Bc5 5. O-O a6 6. c3 Ba7 7. Bb3 d6 8. Bg5
h6 9. Be3 O-O 10. Nbd2 Ne7 11. Bxa7 Rxa7 12. d4 Ng6 13. Re1 Nh7 14. dxe5 dxe5
15. Nc4 Qf6 16. Ne3 c6 17. g3 Bh3 18. Qe2 Raa8 19. Rad1 Rad8 20. Bc2 Rfe8 21.
Rxd8 Rxd8 22. Rd1 Rxd1+ 23. Qxd1 Be6 24. Nf5 Ngf8 25. Qd3 g6 26. Nxh6+ Kg7 27.
Qe3 Bh3 28. Bd1 Ne6 29. Nd2 Neg5 30. Bg4 Bxg4 31. Nxg4 Qe6 32. f3 Qxa2 33. h4
Ne6 34. b3 Qa5 35. Kg2 Qb5 36. Kh3 Kg8 37. Kg2 Kg7 38. f4 exf4 39. gxf4 Qd3 40.
Kf2 Qc2 41. Kg3 a5 42. Nf3 b5 43. Nd4 Qd1 44. f5 Nxd4 45. cxd4 gxf5 46. exf5 f6
47. h5 a4 48. Qe7+ Kh8 49. Qe8+ 1-0

[Event "XXXIV OPEN INTERNACIONAL VILLA DE BENASQUE (90971)"]
[Site "Benasque (Spain)"]
[Date "2014.07.12"]
[Round "9"]
[Board "7"]
[White "BURMAKIN, Vladimir"]
[Black "GOPAL, G.N."]
[Result "0-1"]
[WhiteElo "2590"]
[BlackElo "2544"]
[PlyCount "142"]
[EventDate "2014.07.04"]
[EventRounds "9"]
[EventCountry "ESP"]

1. d4 Nf6 2. Nf3 g6 3. Bf4 Bg7 4. e3 d6 5. c3 O-O 6. Be2 b6 7. h3 Bb7 8. O-O
Nbd7 9. a4 a6 10. Bh2 c5 11. Nbd2 Ra7 12. Qb3 Qa8 13. Rfd1 Ne4 14. Nxe4 Bxe4
15. d5 Bxf3 16. gxf3 Qb7 17. Ra3 Raa8 18. f4 f5 19. Qc4 Nf6 20. Bg3 Kh8 21. Bh4
Qd7 22. Rb3 Rfb8 23. Kh2 Qe8 24. Bf1 Ra7 25. Qe2 Ne4 26. Ra3 Bf6 27. Bxf6+ Nxf6
28. Qc2 Qf7 29. c4 Qg7 30. Bd3 Qh6 31. Rg1 Raa8 32. Raa1 Ng4+ 33. Kg2 Nf6 34.
Qc3 Rg8 35. Kh2 Qh4 36. Rg3 g5 37. fxg5 Rxg5 38. Rag1 Rxg3 39. fxg3 Qg5 40. Qd2
Nd7 41. Rf1 Ne5 42. Bxf5 Rf8 43. g4 Nxc4 44. Qc3+ Ne5 45. Rf4 h5 46. Kg3 hxg4
47. Bxg4 Kg7 48. b4 Rf6 49. bxc5 bxc5 50. a5 Ng6 51. Rxf6 exf6 52. Qd3 Ne5 53.
Qe4 f5 54. Qxf5 Qxe3+ 55. Kg2 c4 56. Qe6 Qd2+ 57. Kg3 Qd3+ 58. Kg2 Qe4+ 59. Kg3
Qe1+ 60. Kg2 Qd2+ 61. Kh1 c3 62. Qe7+ Nf7 63. Be6 Qc1+ 64. Kg2 Qc2+ 65. Kf3
Qd3+ 66. Kf2 Qd4+ 67. Ke2 Qe4+ 68. Kf2 Qf4+ 69. Ke2 c2 70. Bxf7 c1=Q 71. Be8+
Kg8 0-1

[Event "XXXIV OPEN INTERNACIONAL VILLA DE BENASQUE (90971)"]
[Site "Benasque (Spain)"]
[Date "2014.07.12"]
[Round "9"]
[Board "8"]
[White "NAUMKIN, Igor"]
[Black "ANTON GUIJARRO, David"]
[Result "1/2-1/2"]
[WhiteElo "2445"]
[BlackElo "2631"]
[PlyCount "95"]
[EventDate "2014.07.04"]
[EventRounds "9"]
[EventCountry "ESP"]

1. d4 Nf6 2. c4 g6 3. Nc3 Bg7 4. e4 d6 5. Nf3 O-O 6. Be2 Bg4 7. Be3 Nfd7 8. Rc1
e5 9. d5 a5 10. h3 Bxf3 11. Bxf3 f5 12. h4 f4 13. Bd2 Nc5 14. Qe2 h5 15. g4
fxg3 16. fxg3 Nba6 17. O-O Kh7 18. Qe3 Nb4 19. Be2 Qe7 20. Kg2 Rae8 21. b3 c6
22. Qg5 Qxg5 23. hxg5 Kg8 24. Be3 Rxf1 25. Bxf1 Bf8 26. Kf3 Be7 27. Ke2 Kg7 28.
Bh3 Rh8 29. Bg2 Ra8 30. Bh3 a4 31. Bxc5 dxc5 32. bxa4 Bxg5 33. Rb1 Kh6 34. Rf1
Nxa2 35. Nxa2 Rxa4 36. Nc3 Rxc4 37. dxc6 bxc6 38. Rf3 Bd8 39. Be6 Rd4 40. Rd3
Bc7 41. Rxd4 exd4 42. Na4 Bxg3 43. Nxc5 g5 44. Bd7 Bd6 45. Nb7 Bc7 46. Nc5 Bd6
47. Nb7 Bc7 48. Nc5 1/2-1/2